The Navigator.

Bibliographic Details
Previous Title:Aircraft observer
Uniform Title:Navigator (Washington, D.C.)
Corporate Author: United States. Air Force. Air Training Command
Format: Government Document Journal
Language:English
Published: [Washington, D.C.?] : [Dept. of the Air Force, Air Training Command] :
Series:Air Force recurring publication ; 50-3.
Subjects:
Online Availability: Check for online availability

MARC

Tag First Indicator Second Indicator Subfields
LEADER 00000cas a2200000 a 4500
001 in00000852513
005 20151019081517.0
008 761111d19uu1986dcutr p f0 a0eng d
010 |a sc 77000689  
022 |a 0028-1557  |2 1 
029 1 |a AU@  |b 000000964832 
035 |a (OCoLC)ocm02553332 
035 |a (OCoLC)02553332 
035 |9 AEF1388AM 
035 |a (OCoLC)2553332 
037 |b Supt. of Docs., U.S. Govt. Print. Off., Washington DC 20402 
040 |a NSD  |c NSD  |d DLC  |d GPO  |d DLC  |d GPO  |d OCL  |d NST  |d NSD  |d OCLCQ  |d ISL  |d TXA  |d UtOrBLW 
042 |a nsdp  |a lc 
043 |a n-us--- 
049 |a TXAM 
074 |a 424-C 
082 1 0 |a 358  |2 11 
086 0 |a D 301.38/4: 
130 0 |a Navigator (Washington, D.C.) 
210 0 |a Navigator 
222 4 |a The Navigator 
245 1 4 |a The Navigator. 
264 1 |a [Washington, D.C.?] :  |b [Dept. of the Air Force, Air Training Command] : 
264 2 |a [Washington, D.C.?] :  |b [Supt. of Docs., U.S. G.P.O., distributor] 
300 |a volumes :  |b illustrations, maps, portraits ;  |c 28 cm. 
336 |a text  |b txt  |2 rdacontent 
337 |a unmediated  |b n  |2 rdamedia 
338 |a volume  |b nc  |2 rdacarrier 
362 0 |a -v. 33, no. 3 (fall 1986). 
490 1 |a AFRP ;  |v 50-3 
500 |a Title from cover. 
500 |a Description based on: Volume 26, number 1 (spring 1979). 
500 |a Cover title. 
650 0 |a Navigation (Aeronautics)  |v Periodicals. 
710 1 |a United States.  |b Air Force.  |b Air Training Command. 
760 0 |t Air Force recurring publication 
780 0 0 |t Aircraft observer 
830 0 |a Air Force recurring publication ;  |v 50-3. 
850 |a MnU  |a TxArU  |a ULA 
936 |a summer-winter 1976 (surrogate) 
949 |a updated  |b h  |c 2009/2/2  |e spoltoratski  |f 2:25:59 pm 
994 |a C0  |b TXA 
999 |a MARS 
999 f f |s a2de193b-055e-36ad-ac7d-b84de64e5ba3  |i 1358cc93-6911-30c1-95e5-836ec856a6ff  |t 0 
952 f f |p normal  |a Texas A&M University  |b College Station  |c Sterling C. Evans Library  |d Evans: US Documents (Annex 5th floor)  |t 0  |e D 301.38/4:  |h Superintendent of Documents classification  |i unmediated -- volume  |k v.12-16  |l 1964:Fall-1969:Summer  |m A14837560826 
952 f f |p serial  |a Texas A&M University  |b College Station  |c Sterling C. Evans Library  |d Evans: US Documents (Annex 5th floor)  |t 0  |e D 301.38/4:  |h Superintendent of Documents classification  |i unmediated -- volume  |k v.27-33  |l 1980:Spring-1986:Fall  |m A14837560664 
952 f f |p serial  |a Texas A&M University  |b College Station  |c Sterling C. Evans Library  |d Evans: US Documents (Annex 5th floor)  |t 0  |e D 301.38/4:  |h Superintendent of Documents classification  |i unmediated -- volume  |k v.19-26  |l 1972-1979  |m A14837560622 
952 f f |p serial  |a Texas A&M University  |b College Station  |c Sterling C. Evans Library  |d Evans: US Documents (Annex 5th floor)  |t 0  |e D 301.38/4:  |h Superintendent of Documents classification  |i unmediated -- volume  |k v.17-18:no.3  |l 1969:Fall-1971  |m A14837560787 
952 f f |p serial  |a Texas A&M University  |b College Station  |c Sterling C. Evans Library  |d Evans: US Documents (Annex 5th floor)  |t 0  |e D 301.38/4:  |h Superintendent of Documents classification  |i unmediated -- volume  |k v.5-11  |l 1958:Winter-1964:Summer  |m A14837560868 
998 f f |a D 301.38/4:  |s v.30:no.2-v.33:no.3 (1983:Summer-1986:Fall)  |t 0  |l Evans: US Documents (Annex 5th floor)